Statistics for Top 22 Cities in Belgium by population

Click here to take the quiz!

General Stats

  • This quiz has been taken 19 times
  • The average score is 11 of 22

Answer Stats

HintAnswer% Correct
1Antwerp
100%
5Brussels
100%
4Liege
100%
6Bruges
88%
2Gent
88%
3Charleroi
82%
7Namur
71%
18Genk
53%
16Oostende
53%
9Leuven
47%
8Mons
47%
13Kortrijk
41%
14Hasselt
35%
12La Louviere
29%
10Mechelen
29%
17Tournai
29%
11Aalst
24%
21Verviers
18%
22Mouscron
12%
15Sint-Niklaas
12%
20Roeselare
6%
19Seraing
6%

Score Distribution

Percentile by Number Answered

Percent of People with Each Score

Your Score History

You have not taken this quiz